El evangelio según San Juan

Shranjeno v:
Bibliografske podrobnosti
Glavni avtor: Wikenhauser, Alfred (Author)
Format: Knjiga
Jezik:španščina
Izdano: Barcelona Herder 1978
Izdaja:3a. ed
Serija:Biblioteca Herder. Sección de Sagrada Escritura, 95
Teme:
Oznake: Označite
Brez oznak, prvi označite!

MARC

LEADER 00000cam a2200000 a 4500
001 UCL1256
003 CL-VaPUC
008 030905e19780000SP |||||||||||||||||spa|d
020 |a 8425407419 
082 0 4 |a 226.5  |b WIK  |2 21 
100 0 |a Wikenhauser, Alfred  |e author  |9 478162 
245 1 3 |a El evangelio según San Juan 
250 |a 3a. ed 
300 |a 530 p 
942 |c BK 
945 |d 20030905 00:00:00  |a vberengu 
260 |a Barcelona  |b Herder  |c 1978 
650 0 |a Evangelios  |9 314864 
650 0 |a Evangelistas  |9 315131 
583 |a last modification  |c 20170724 09:20:29  |k Rodrigo Vera 
490 0 |a Biblioteca Herder. Sección de Sagrada Escritura, 95 
999 |c 304900  |d 304898 
952 |0 0  |1 0  |4 0  |6 226_500000000000000_WIK_1978  |7 0  |8 A  |9 367726  |a BIBTEO  |b BIBTEO  |d 2019-11-21  |i 207656K  |o 226.5 WIK 1978  |p 207656K  |r 2025-01-17  |w 2019-11-21  |y BK  |k ICR 
952 |0 0  |1 0  |3 erd  |4 0  |6 226_500000000000000_WIK_1978  |7 0  |8 A  |9 367727  |a BIBTEO  |b BIBTEO  |i 5411165  |o 226.5 WIK 1978  |p 5411165  |r 2025-01-17  |w 2019-11-21  |y BK  |z Catalogado en:20170728  |k ICR